| 000 | 00654nam a22002417a 4500 | ||
|---|---|---|---|
| 003 | LK-CoDNM | ||
| 005 | 20241120122228.0 | ||
| 008 | 241015b |||||||| |||| 00| 0 eng d | ||
| 040 |
_aLK-CoDNM _dLK-CoDNM _eLK-CoDNM |
||
| 041 | _aeng | ||
| 080 |
_aPJ _bE5.9 |
||
| 100 | _a | ||
| 245 |
_aJournal of the Dutch burger union of Ceylon-1936 ( Vol.26 ) _bNo.1 |
||
| 260 |
_aColombo _bFrewin & Co, Ltd _c1936 |
||
| 300 | _b38p. ; 24 cm | ||
| 500 | _aMonthly magazine | ||
| 650 | _aJournal of the Dutch burger union of Ceylon-1936 ( Vol.26 ) | ||
| 650 | _aNo.1 | ||
| 650 | _aPJ E5.9 | ||
| 650 | _a1936 | ||
| 650 | _aMonthly magazine | ||
| 942 | _cBK | ||
| 999 |
_c231255 _d231255 |
||